African Capital Cities that start with 2 or more consonants - Statistics

General Stats
  • This quiz has been taken 21 times
  • The average score is 7 of 10
Answer Stats
Answer % Correct
Pretoria
80%
Brazzaville
70%
Khartoum
70%
N'Djamena‎
70%
Djibouti
65%
Freetown
65%
Praia
65%
Tripoli
65%
Bloemfontein‎
50%
Mbabane
50%
No matching quizzes found
Score Distribution
Percent of People with Each Score
Percentile by Number Answered
Your Score History
You have not taken this quiz